000 00517cam a2200181 a 4500
020 _a0881924229
040 _cDLC
082 0 0 _a635 TIM 1998 C144 Or.
100 1 _aRiffle, Robert Lee
245 1 4 _aThe tropical look :
_ban encyclopedia of dramatic landscape plants /
260 _aPortland, Or. :
_bTimber Press,
_cc1998
300 _a428 p. :
_bill. (some col.) ;
_c29 cm
650 0 _aLandscape plants
650 0 _aTropical plants
650 0 _aLandscape plants
650 0 _aTropical plants
942 _cAEDBB
999 _c18405
_d18405